The role human resource department plays in managing organizational diversity: a case of select mining and associated companies (Record no. 56648)

MARC details
000 -LEADER
fixed length control field 00646nam a2200133 a 4500
008 - FIXED-LENGTH DATA ELEMENTS--GENERAL INFORMATION
fixed length control field 140528s2010 ||||||||||||||||| || u
050 ## - LIBRARY OF CONGRESS CALL NUMBER
Classification number THESIS/MBA
100 ## - MAIN ENTRY--PERSONAL NAME
Personal name Mhango, Masozi Lusungu
245 14 - TITLE STATEMENT
Title The role human resource department plays in managing organizational diversity: a case of select mining and associated companies
Statement of responsibility, etc. by Masozi Lusungu Mhango
260 ## - PUBLICATION, DISTRIBUTION, ETC.
Place of publication, distribution, etc. Kitwe:
Name of publisher, distributor, etc. Copperbelt University (CBU)
Date of publication, distribution, etc. 2010
300 ## - PHYSICAL DESCRIPTION
Extent xv, 145p.: ill.
650 ## - SUBJECT ADDED ENTRY--TOPICAL TERM
Topical term or geographic name entry element ORGANIZATIONAL DIVERSITY--HUMAN RESOURCE DEPARTMENT
995 ## - RECOMMENDATION 995 [LOCAL, UNIMARC FRANCE]
-- CBU-MAIN LIBRARY (Kitwe)
-- 1
-- AVAILABLE
-- May 28, 2014
-- University Collection
Holdings
Withdrawn status Lost status Source of classification or shelving scheme Damaged status Not for loan Home library Current library Shelving location Date acquired Total Checkouts Full call number Barcode Date last seen Price effective from Koha item type
          CBU-MAIN LIBRARY, KITWE. CBU-MAIN LIBRARY, KITWE.   11/30/2022   THESIS/MBA B1389 11/30/2022 11/30/2022 MONOGRAPH